[Event "IRI-ch U14 Girls"]
[Site "Chess.com INT"]
[Date "2021.01.16"]
[Round "5"]
[White "Nasiri, Atena"]
[Black "Kargari Arian, Saba"]
[Result "0-1"]
[WhiteElo "1165"]
[BlackElo "1444"]
[PlyCount "70"]
[EventDate "2021.01.16"]
[EventType "swiss"]
[EventRounds "9"]
[EventCountry "IRI"]
[SourceTitle "EXT 2022"]
[Source "ChessBase"]
[SourceDate "2021.10.06"]
[SourceVersion "1"]
[SourceVersionDate "2021.10.06"]
[SourceQuality "1"]

1. e4 c5 2. Nf3 Nc6 3. d4 cxd4 4. Nxd4 Qc7 5. Nc3 e6 6. Be3 a6 7. a3 Nf6 8. Be2 Be7 9. Qd2 0-0 10. 0-0 b5 11. Rad1 Bb7 12. Bf3 Rfd8 13. Rfe1 Rac8 14. Bg5 h6 15. Be3 Na5 16. Nce2 Nxe4 17. Bxe4 Bxe4 18. c3 e5 19. Nc1 Nc4 20. Qe2 exd4 21. Bxd4 d5 22. Qg4 Bg6 23. h3 Bc5 24. Be5 Nxe5 25. Qe2 Nc4 26. Qf3 Be4 27. Qg4 Qa7 28. Qg3 Rd6 29. b3 Rg6 30. Qf4 Rxg2+ 31. Kf1 Rxf2+ 32. Kg1 Rxf4+ 33. Kh2 Rf2+ 34. Kg1 Qc7 35. bxc4 Qh2# 0-1

[Event "IRI-ch U14 Girls"]
[Site "Chess.com INT"]
[Date "2021.01.16"]
[Round "8"]
[White "Parvin, Zahra"]
[Black "Nasiri, Atena"]
[Result "0-1"]
[WhiteElo "1668"]
[BlackElo "1165"]
[PlyCount "198"]
[EventDate "2021.01.16"]
[EventType "swiss"]
[EventRounds "9"]
[EventCountry "IRI"]
[SourceTitle "EXT 2022"]
[Source "ChessBase"]
[SourceDate "2021.10.06"]
[SourceVersion "1"]
[SourceVersionDate "2021.10.06"]
[SourceQuality "1"]

1. e4 e6 2. d4 d5 3. exd5 exd5 4. Nf3 Bd6 5. Ne5 Qe7 6. Qe2 Nd7 7. Nxd7 Bxd7 8. Nc3 c6 9. Be3 Nf6 10. Qd2 Bf4 11. Be2 Bxe3 12. fxe3 0-0 13. 0-0 Rfe8 14. Rf3 Ng4 15. Raf1 f6 16. Nd1 Qd6 17. Rf4 Re4 18. Bxg4 Bxg4 19. Rxe4 dxe4 20. Nc3 Re8 21. Rf4 Bh5 22. Nxe4 Qd5 23. Nc3 Qe6 24. e4 Bg6 25. h3 Rd8 26. d5 cxd5 27. exd5 Qb6+ 28. Rf2 Qxb2 29. a4 Qb6 30. Kh1 Bf7 31. Rf4 Qc5 32. Rd4 Qa3 33. Nb5 Qa1+ 34. Kh2 a6 35. Nc3 Qa3 36. d6 Be6 37. Ne4 Bd7 38. Qb4 Qxb4 39. Rxb4 Bc6 40. Nc5 Rxd6 41. Nxb7 Rd2 42. h4 Rxg2+ 43. Kh3 Rxc2 44. Na5 Rc3+ 45. Kh2 Rc2+ 46. Kg3 Kf7 47. Nc4 Kg6 48. a5 Bb5 49. Ne3 Rc3 50. Kf2 Ra3 51. Rg4+ Kf7 52. Nf5 g6 53. Nd6+ Ke7 54. Rd4 Rxa5 55. Nb7 Ra4 56. Rd2 Bc4 57. Nc5 Ra2 58. Ke3 Rxd2 59. Kxd2 Bb5 60. Kc3 Kd6 61. Kd4 Bf1 62. Ne4+ Ke6 63. Ng3 Bb5 64. Ke4 Kd6 65. Kd4 h5 66. Ne4+ Ke6 67. Ng3 Be8 68. Ke4 a5 69. Kd4 a4 70. Ne4 Bc6 71. Ng3 Be8 72. Ne4 Bf7 73. Nc5+ Kf5 74. Nxa4 Kg4 75. Nc5 Kxh4 76. Nd7 Kg4 77. Nxf6+ Kf5 78. Ne4 Ba2 79. Ke3 h4 80. Nf2 g5 81. Kf3 Bd5+ 82. Ke3 g4 83. Nd3 h3 84. Nf2 h2 85. Ke2 g3 86. Kf1 g2+ 87. Ke2 g1Q 88. Ke3 Qxf2+ 89. Kxf2 h1Q 90. Ke3 Qe4+ 91. Kf2 Qf3+ 92. Ke1 Qg2 93. Kd1 Qf2 94. Kc1 Qe2 95. Kb1 Qd2 96. Ka1 Ke4 97. Kb1 Kd3 98. Ka1 Kc3 99. Kb1 Qb2# 0-1